000 00931nmc a2200349 a 4500
003 AR-BaBNM
005 20251128211338.0
008 064020s2000 ||||||||||||||000 | spa||
020 _a958-04-2941-3
040 _cAR-BaBNM
100 1 _aGogh, Vincent van
245 1 0 _aCartas a Théo
250 _a1ª ed.
260 _aBogotá
_bNorma
_c2000
300 _a350 p., 47
490 0 _aCara y cruz
650 4 _aPINTORES
650 4 _aSIGLO DIECINUEVE
650 4 _aESTILOS ARTISTICOS
653 _aLITERATURA HOLANDESA
653 _aGENERO EPISTOLAR
653 _aMEMORIAS
653 _aIMPRESIONISMO
655 _aLITERATURA
700 1 _aOraa, Francisco de
_etraductor
700 1 _aJamís, Fayad
_eintroducción
700 1 _aAuden, W.H.
_eintroducción
700 1 _aSoto Boutin, Luis Armando
_eintroducción
740 0 _aA propósito de Vincent van Gogh y su obra
942 _cBK
998 _cmartin
999 _c19261
_d19261